Largest Marvel Characters - Statistics

General Stats
  • This quiz has been taken 14 times
  • The average score is 6 of 15
Answer Stats
Hint Answer % Correct
13. (2.5m / 8’2ft) Hulk
85%
1. (178,500km) - Largest Form Galactus
77%
12. (2.52m / 8’3ft) Thanos
69%
7. (8.2m / 60ft) - Giant Form Ant-Man
62%
8. (7m / 23ft) - Fully Grown Groot
62%
14. (2.31m / 7’7ft) Ultron
54%
2. (6,703km) Ego the Living Planet
38%
10. (2.74m / 9ft) Abomination
31%
4. (365m / 1200ft) Dormammu
31%
11. (2.59m / 8.5ft) Juggernaut
23%
5. (305m / 1000ft) Surtur
23%
3. (610m / 2000ft) Celestials
15%
15. (2.29m / 7’6ft) Venom
8%
6. (100m / 328ft) Khonshu
0%
9. (2.74m / 9ft) Lizard
0%
No matching quizzes found
Score Distribution
Percent of People with Each Score
Percentile by Number Answered
Your Score History
You have not taken this quiz